Investing in learning : a policy statement with recommendations on research in education by the National Educational Research Policy and Priorities Board.

Bibliographic Details
Corporate Authors: United States. National Educational Research Policy and Priorities Board, United States. Department of Education
Format: Government Document Book
Language:English
Published: Washington, DC : The Board, [1999]
Subjects:

MARC

Tag First Indicator Second Indicator Subfields
LEADER 00000cam a22000007a 4500
001 in00000005251
005 20150924084644.0
008 990726s1999 dcu b f000 0 eng d
035 |a (OCoLC)41953940 
035 |9 AJJ1712AM 
040 |a GPO  |c GPO  |d DLC  |d MvI  |d UtOrBLW 
043 |a n-us--- 
049 |a UDOC 
074 |a 0455-B-02 
086 0 |a ED 1.2:IN 8/10 
088 |a PPB 1999-6308 
110 1 |a United States.  |b National Educational Research Policy and Priorities Board. 
245 1 0 |a Investing in learning :  |b a policy statement with recommendations on research in education by the National Educational Research Policy and Priorities Board. 
246 3 0 |a Policy statement with recommendations on research in education by the National Educational Research Policy and Priorities Board 
264 1 |a Washington, DC :  |b The Board,  |c [1999] 
300 |a xii, 46 pages ;  |c 28 cm. 
336 |a text  |b txt  |2 rdacontent 
337 |a unmediated  |b n  |2 rdamedia 
338 |a volume  |b nc  |2 rdacarrier 
500 |a Shipping list number: 99-0286-P. 
500 |a "June 1999"--T.p verso. 
504 |a Includes bibliographical references (pages 45-46). 
500 |a "PPB 1999-6308"--P. [4] of cover. 
650 0 |a Education  |x Aims and objectives  |z United States. 
650 0 |a Educational accountability  |z United States. 
650 0 |a School improvement programs  |z United States. 
610 1 0 |a United States.  |b National Educational Research Policy and Priorities Board. 
710 1 |a United States.  |b Department of Education. 
999 |a MARS 
999 f f |s 3ce35343-7a31-3590-87dd-e191922498a0  |i a6bfd6a7-9662-3f43-9765-cdba3390107a  |t 0 
952 f f |p normal  |a Texas A&M University  |b College Station  |c Sterling C. Evans Library  |d Evans: US Documents (Annex 5th floor)  |t 0  |e ED 1.2:IN 8/10  |h Superintendent of Documents classification  |i unmediated -- volume  |m A14824270721 
998 f f |a ED 1.2:IN 8/10  |t 0  |l Evans: US Documents (Annex 5th floor)